La conciliation intérnationale passe par la méditerranée

Saved in:
Bibliografiske detaljer
Hovedforfatter: Boutros Ghali, Mirrit
Format: Bog
Sprog:italiensk
Udgivet: Roma, Italia Banco di Roma 1977
Fag:
Tags: Tilføj Tag
Ingen Tags, Vær først til at tagge denne postø!

MARC

LEADER 00000nam a2200000 a 4500
001 UCO2047
003 CL-VaPUC
005 20210709001843.0
008 000602e19770000IT |||||||||||||||||ita|d
999 |c 288590  |d 288588 
040 |c Pontificia Universidad Católica de Valparaíso 
082 0 4 |a 327.4 BOU 1977  |2 21 
100 0 |a Boutros Ghali, Mirrit  |9 444738 
245 1 3 |a La conciliation intérnationale passe par la méditerranée 
260 0 3 |a Roma, Italia  |b Banco di Roma  |c 1977 
300 |a 34 páginas 
583 |a last modification  |c 20000602 00:00:00  |k Rodrigo Vera 
650 0 |a Relaciones Internacionales  |9 255740 
650 0 |a Política exterior   |9 316628 
650 0 |a Discursos   |9 265028 
651 0 |a Europa  |9 255156 
942 |c BK  |2 ddc 
945 |d 20000602 00:00:00  |a crobeson 
952 |0 0  |1 0  |2 ddc  |4 0  |6 327_400000000000000_BOU_1977  |7 0  |8 A  |9 336365  |a BIBHIS  |b BIBHIS  |d 2019-11-20  |i 1277839  |o 327.4 BOU 1977  |p 1277839  |r 2025-01-20  |t 1  |w 2019-11-20  |y BK  |k HIS